000 00474nam a22001697a 4500
003 OSt
005 20260202080834.0
008 260202b |||||||| |||| 00| 0 eng d
020 _a978-1-4391-3816-8
040 _aDWCL-Main Lib
_cOC
082 _aFic. Sw973 2005
100 _aSwarup, Vikas
245 _aSlumdog millionaire : a novel
260 _aNew York :
_bScribner : A Division of Simon & Schuster,
_cc2005
300 _a318 p. ;
_c21 cm.
942 _2ddc
_cFIC.
_mFic.
_n0
999 _c8132
_d8132